[Event "17th Rubinstein Memorial"]
[Site "Polanica Zdroj POL"]
[Date "1979.08.12"]
[Round "7"]
[White "Filip, Miroslav"]
[Black "Farago, Ivan"]
[WhiteElo "2475"]
[BlackElo "2510"]
[Result "1/2-1/2"]
[EventDate "1979.08.06"]
[PlyCount "53"]
1. c4 Nf6 2. Nf3 e6 3. d4 d5 4. Nc3 c5 5. e3 Nc6 6. a3 a6 7. cxd5 exd5 8. Be2 cxd4 9. Nxd4 Bd6 10. O-O O-O 11. Bf3 Be5 12. Nce2 Ne4 13. g3 Bh3 14. Bg2 Qd7 15. Bxh3 Qxh3 16. Nf3 Rad8 17. Nxe5 Nxe5 18. f3 Ng5 19. Nd4 Ne6 20. b3 Nxd4 21. Qxd4 Nc6 22. Qd3 d4 23. Bb2 dxe3 24. Qxe3 Rfe8 25. Qg5 Nd4 26. Bxd4 Rxd4 27. Rae1 1/2-1/2

[Event "17th Rubinstein Memorial"]
[Site "Polanica Zdroj POL"]
[Date "1979.08.12"]
[Round "7"]
[White "Knaak, Rainer"]
[Black "Borkowski, Franciszek"]
[WhiteElo "2565"]
[BlackElo "2395"]
[Result "1-0"]
[EventDate "1979.08.06"]
[PlyCount "73"]
1. d4 d5 2. c4 c6 3. Nf3 Nf6 4. Nc3 e6 5. Bg5 dxc4 6. e4 b5 7. e5 h6 8. Bh4 g5 9. Nxg5 hxg5 10. Bxg5 Nbd7 11. g3 b4 12. Ne4 Nxe4 13. Bxd8 Kxd8 14. Bg2 f5 15. exf6 Ndxf6 16. Bxe4 Nxe4 17. Qf3 a5 18. Qxe4 Ra7 19. Qxc6 Rc7 20. Qb6 Rh5 21. O-O Rd5 22. Rfe1 Bd6 23. Re5 Bxe5 24. dxe5 c3 25. bxc3 bxc3 26. Rc1 Kd7 27. Qb3 Ba6 28. f4 Rdc5 29. Rd1+ Kc8 30. Qxe6+ Kb7 31. Rc1 c2 32. Qg6 R5c6 33. Qe4 Kc8 34. e6 Kd8 35. f5 Rd6 36. Rxc2 Rd1+ 37. Kf2 1-0

[Event "17th Rubinstein Memorial"]
[Site "Polanica Zdroj POL"]
[Date "1979.08.12"]
[Round "7"]
[White "Schinzel, Wladyslaw"]
[Black "Planinc, Albin"]
[WhiteElo "2400"]
[BlackElo "2445"]
[Result "0-1"]
[EventDate "1979.08.06"]
[PlyCount "144"]
1. g3 g6 2. c4 Bg7 3. Bg2 c5 4. Nc3 Nc6 5. Nf3 e6 6. h4 Nge7 7. h5 d5 8. cxd5 exd5 9. d3 Bg4 10. Qa4 gxh5 11. Nh2 Qd7 12. Bg5 f6 13. Bf4 Nd4 14. Qxd7+ Kxd7 15. Rc1 Be6 16. Nf1 Ndc6 17. Rxh5 Bf7 18. Rh2 f5 19. Nd2 b6 20. a3 h6 21. Nf3 d4 22. Nb1 Rac8 23. Nbd2 Ng6 24. Nh4 Nxf4 25. gxf4 Ne7 26. a4 Bf6 27. Nc4 Bxc4 28. Rxc4 Bxh4 29. Rxh4 Ng6 30. Rh1 Nxf4 31. Bf3 Kd6 32. Kd2 Ng6 33. Rcc1 Ne5 34. Bh5 Rcg8 35. Rcg1 f4 36. Rxg8 Rxg8 37. Rh4 Rg5 38. Be8 Ke7 39. Bb5 Ng4 40. Bc6 Nxf2 41. Bf3 Rg1 42. Rxh6 Nd1 43. Rh7+ Kf6 44. Kc2 Ne3+ 45. Kb3 Rg7 46. Rh6+ Kg5 47. Rc6 Kh4 48. a5 Kg3 49. axb6 axb6 50. Rxb6 Kf2 51. Rd6 Ra7 52. Rc6 Rb7+ 53. Ka2 c4 54. Rxc4 Nxc4 55. Bxb7 Ne5 56. Bf3 Nxf3 57. exf3 Kxf3 58. b4 Ke3 59. b5 f3 60. b6 f2 61. b7 f1=Q 62. b8=Q Qe2+ 63. Ka1 Qd1+ 64. Kb2 Qd2+ 65. Ka1 Qc1+ 66. Ka2 Qc2+ 67. Ka1 Qc3+ 68. Ka2 Kxd3 69. Qg3+ Kc2 70. Qg2+ Qd2 71. Qc6+ Kd3+ 72. Kb1 Qb4+ 0-1

[Event "17th Rubinstein Memorial"]
[Site "Polanica Zdroj POL"]
[Date "1979.08.12"]
[Round "7"]
[White "Spiridonov, Nikola"]
[Black "Spasov, Luben"]
[WhiteElo "2440"]
[BlackElo "2470"]
[Result "1/2-1/2"]
[EventDate "1979.08.06"]
[PlyCount "34"]
1. e4 e5 2. Nf3 Nc6 3. Bb5 Nf6 4. O-O Nxe4 5. d4 Nd6 6. Bxc6 dxc6 7. dxe5 Nf5 8. Qxd8+ Kxd8 9. Nc3 h6 10. h3 Be6 11. Bf4 Be7 12. g4 Nh4 13. Nxh4 Bxh4 14. Kg2 b6 15. Bg3 Bxg3 16. Kxg3 g5 17. Ne4 Ke7 1/2-1/2

[Event "17th Rubinstein Memorial"]
[Site "Polanica Zdroj POL"]
[Date "1979.08.14"]
[Round "8"]
[White "Borkowski, Franciszek"]
[Black "Bielczyk, Jacek"]
[WhiteElo "2395"]
[BlackElo "2410"]
[Result "1/2-1/2"]
[EventDate "1979.08.06"]
[PlyCount "39"]
1. e4 c5 2. Nf3 Nc6 3. d4 cxd4 4. Nxd4 e5 5. Nb5 a6 6. N5c3 Nf6 7. Bg5 Bc5 8. Bc4 h6 9. Bh4 b5 10. Bd5 Bb7 11. Nd2 Qe7 12. Nb3 Bb6 13. Qd2 Rb8 14. a4 b4 15. Nd1 Nxe4 16. Bxe7 Nxd2 17. Bd6 Nxb3 18. cxb3 Rc8 19. Bxe5 O-O 20. O-O 1/2-1/2

[Event "17th Rubinstein Memorial"]
[Site "Polanica Zdroj POL"]
[Date "1979.08.14"]
[Round "8"]
[White "Jansa, Vlastimil"]
[Black "Adamski, Jan"]
[WhiteElo "2495"]
[BlackElo "2415"]
[Result "1/2-1/2"]
[EventDate "1979.08.06"]
[PlyCount "86"]
1. e4 c5 2. Nf3 d6 3. d4 cxd4 4. Nxd4 Nf6 5. Nc3 e6 6. g4 h6 7. g5 hxg5 8. Bxg5 Nc6 9. Qd2 a6 10. O-O-O Bd7 11. f4 Be7 12. Bg2 Qc7 13. h4 O-O-O 14. Bf3 Nxd4 15. Qxd4 Bc6 16. h5 Rh7 17. Rh2 Rdh8 18. Rdh1 Ng8 19. Qd2 g6 20. hxg6 Rxh2 21. Rxh2 Rxh2 22. Qxh2 Bxg5 23. fxg5 fxg6 24. Bg4 Qe7 25. Qf4 Kc7 26. b3 e5 27. Qd2 Qf7 28. Nd5+ Bxd5 29. exd5 Ne7 30. Be6 Qf8 31. Kb2 Kb8 32. Qh2 Ka7 33. Qh7 Qf4 34. Qxe7 Qd4+ 35. Kc1 Qg1+ 36. Kb2 Qd4+ 37. c3 Qf2+ 38. Ka3 Qc5+ 39. Kb2 Qf2+ 40. Kc1 Qe1+ 41. Kc2 Qe2+ 42. Kb1 Qe1+ 43. Kb2 Qf2+ 1/2-1/2

[Event "17th Rubinstein Memorial"]
[Site "Polanica Zdroj POL"]
[Date "1979.08.14"]
[Round "8"]
[White "Kruszynski, Wlodzimierz"]
[Black "Filip, Miroslav"]
[WhiteElo "2285"]
[BlackElo "2475"]
[Result "0-1"]
[EventDate "1979.08.06"]
[PlyCount "92"]
1. e4 e5 2. Nf3 Nc6 3. Bb5 g6 4. c3 a6 5. Ba4 d6 6. d4 Bd7 7. O-O Bg7 8. Re1 Nge7 9. d5 Nb8 10. c4 O-O 11. Nc3 h6 12. Bd2 f5 13. Rc1 f4 14. Bxd7 Nxd7 15. Na4 b6 16. b4 g5 17. h3 Rf7 18. c5 Bf8 19. cxd6 cxd6 20. Nh2 Nf6 21. Qe2 b5 22. Nb2 h5 23. Rc2 Rg7 24. f3 g4 25. fxg4 hxg4 26. hxg4 Rh7 27. Nd3 Bh6 28. Nf2 Qb6 29. Rec1 Kh8 30. Rc3 Bg5 31. Be1 Rg8 32. Rh3 Rxh3 33. gxh3 f3 34. Qxf3 Nxg4 35. Nhxg4 Bxc1 36. Qf6+ Rg7 37. Qh4+ Kg8 38. Kh1 Bg5 39. Qh5 Rg6 40. h4 Bf4 41. Kg2 Qd4 42. Kh3 Kg7 43. Kg2 Qa1 44. Kf1 Bd2 45. Nd3 Bxe1 46. Nxe1 Qd1 0-1

[Event "17th Rubinstein Memorial"]
[Site "Polanica Zdroj POL"]
[Date "1979.08.14"]
[Round "8"]
[White "Planinc, Albin"]
[Black "Pokojowczyk, Jerzy"]
[WhiteElo "2445"]
[BlackElo "2365"]
[Result "1-0"]
[EventDate "1979.08.06"]
[PlyCount "53"]
1. e4 c5 2. Nf3 d6 3. d4 cxd4 4. Nxd4 Nf6 5. Nc3 a6 6. Bg5 e6 7. f4 Be7 8. Qf3 h6 9. Bh4 Qc7 10. O-O-O Nbd7 11. Be2 g5 12. fxg5 Ne5 13. Qe3 Nfg4 14. Bxg4 Nxg4 15. Qd2 hxg5 16. Bxg5 Nf2 17. Bxe7 Nxd1 18. Nd5 exd5 19. Bf6 Rh5 20. exd5 Bg4 21. Re1+ Kf8 22. h3 Re8 23. hxg4 Rxe1 24. Qxe1 Nxb2 25. Kxb2 Rxd5 26. g5 Ra5 27. g6 1-0

[Event "17th Rubinstein Memorial"]
[Site "Polanica Zdroj POL"]
[Date "1979.08.14"]
[Round "8"]
[White "Spasov, Luben"]
[Black "Schinzel, Wladyslaw"]
[WhiteElo "2470"]
[BlackElo "2400"]
[Result "1/2-1/2"]
[EventDate "1979.08.06"]
[PlyCount "127"]
1. d4 Nf6 2. c4 c5 3. d5 d6 4. Nc3 g6 5. Nf3 Bg7 6. g3 O-O 7. Bg2 e6 8. O-O exd5 9. cxd5 Re8 10. Nd2 b6 11. a4 Na6 12. Nc4 Bf8 13. e4 Nb4 14. b3 a6 15. Bg5 h6 16. Bxf6 Qxf6 17. e5 dxe5 18. d6 Ra7 19. Ne4 Qd8 20. Nxb6 Bb7 21. d7 Re6 22. a5 Nc6 23. Na4 Nd4 24. Nexc5 Bxg2 25. Nxe6 Qxd7 26. Kxg2 Qxe6 27. Rb1 Qd5+ 28. f3 e4 29. Nb6 exf3+ 30. Qxf3 Qxf3+ 31. Rxf3 Nxf3 32. Kxf3 Bb4 33. Nc4 Rd7 34. Ke2 Rd5 35. Rd1 Rxd1 36. Kxd1 Kg7 37. Ke2 f5 38. Kf3 Kf6 39. g4 fxg4+ 40. Kxg4 h5+ 41. Kf3 Kg5 42. h3 Be1 43. Ke2 Bc3 44. Kf3 Bb4 45. Kg3 Be1+ 46. Kf3 Kf5 47. Ke2 Bb4 48. Ke3 g5 49. Kf3 g4+ 50. hxg4+ hxg4+ 51. Kg2 Kf4 52. Kf2 Bc3 53. Kg2 Be1 54. Nb6 Bxa5 55. Nd7 Bb4 56. Nb8 a5 57. Nc6 Be1 58. Kf1 Bc3 59. Kf2 Bd2 60. Kg2 Bb4 61. Na7 Bd6 62. Nc6 Bc7 63. Na7 Ke4 64. Nc6 1/2-1/2

[Event "17th Rubinstein Memorial"]
[Site "Polanica Zdroj POL"]
[Date "1979.08.15"]
[Round "9"]
[White "Adamski, Jan"]
[Black "Timoshenko, Gennady"]
[WhiteElo "2415"]
[BlackElo "2515"]
[Result "1-0"]
[EventDate "1979.08.06"]
[PlyCount "159"]
1. Nf3 Nf6 2. c4 g6 3. Nc3 d5 4. cxd5 Nxd5 5. e4 Nxc3 6. dxc3 Qxd1+ 7. Kxd1 f6 8. Be3 e5 9. Nd2 Nd7 10. Nb3 Bd6 11. Kc2 Ke7 12. Be2 Nf8 13. Rad1 Ne6 14. f3 a5 15. a4 Nf4 16. Bf1 Bd7 17. c4 Bb4 18. Nc5 Bc6 19. b3 b6 20. Nd3 Nxd3 21. Bxd3 Bc5 22. Bc1 h5 23. Rhf1 Bd7 24. h3 Bd4 25. Ba3+ c5 26. Bc1 Bc6 27. Rde1 Rae8 28. Re2 Kf7 29. g3 Kg7 30. h4 Bd7 31. Rh2 Rhf8 32. Kd1 Rf7 33. Ke2 Ref8 34. Rhh1 f5 35. Bd2 Bc6 36. Be1 Bd7 37. Bd2 Be6 38. Bc2 Bc8 39. Bb1 Bb7 40. Bc1 Ba8 41. Bc2 Bb7 42. Bb1 Rf6 43. Bd3 Bc6 44. Bc2 Ba8 45. Bb1 Bc6 46. Bc2 Ba8 47. Bb1 R8f7 48. Bd3 Bc6 49. Bb1 Ba8 50. Bd3 Bc6 51. Bb1 Bb7 52. Bc2 Rf8 53. Bd3 f4 54. gxf4 Rxf4 55. Bd2 R4f7 56. Bc2 Bc8 57. Bd3 Be6 58. Bg5 Ra8 59. Rb1 Rc7 60. Rhc1 Rd7 61. Rh1 Rf8 62. Rbd1 Kh7 63. Bc2 b5 64. cxb5 c4 65. bxc4 Bxc4+ 66. Bd3 Bb3 67. Rb1 Bxa4 68. Rhc1 Rb8 69. Rc4 Bxb5 70. Rxd4 Rxd4 71. Rxb5 Rxb5 72. Bxb5 a4 73. Be7 g5 74. hxg5 h4 75. Kf1 h3 76. Kg1 Rd2 77. Bxa4 Rd3 78. Kh2 Rxf3 79. Bd7 Rd3 80. Bf5+ 1-0

[Event "17th Rubinstein Memorial"]
[Site "Polanica Zdroj POL"]
[Date "1979.08.15"]
[Round "9"]
[White "Filip, Miroslav"]
[Black "Borkowski, Franciszek"]
[WhiteElo "2475"]
[BlackElo "2395"]
[Result "1-0"]
[EventDate "1979.08.06"]
[PlyCount "81"]
1. c4 e6 2. Nf3 d5 3. g3 Nf6 4. Bg2 c5 5. O-O Nc6 6. cxd5 exd5 7. d4 cxd4 8. Nxd4 Bc5 9. Nxc6 bxc6 10. Qc2 Qb6 11. Nc3 Be7 12. e4 dxe4 13. Be3 Qa6 14. Nxe4 O-O 15. Bc5 Nd5 16. Bxe7 Nxe7 17. Nc5 Qb6 18. Rfe1 Bf5 19. Be4 Rad8 20. Rac1 Bxe4 21. Rxe4 Qc7 22. Rb4 Qe5 23. Rb7 Nf5 24. Nd7 Rxd7 25. Rxd7 Nd4 26. Qc5 Nf3+ 27. Kh1 Qxb2 28. Rcd1 Qf6 29. Qxf8+ Kxf8 30. Rd8+ Ke7 31. R1d7+ Ke6 32. Rd6+ Kf5 33. Rxf6+ gxf6 34. Rd6 Ne5 35. f4 Ng4 36. Rxc6 Ke4 37. Kg2 Ne3+ 38. Kf2 Nd5 39. Ra6 h5 40. Rxa7 h4 41. a4 1-0

[Event "17th Rubinstein Memorial"]
[Site "Polanica Zdroj POL"]
[Date "1979.08.15"]
[Round "9"]
[White "Pokojowczyk, Jerzy"]
[Black "Spasov, Luben"]
[WhiteElo "2365"]
[BlackElo "2470"]
[Result "1/2-1/2"]
[EventDate "1979.08.06"]
[PlyCount "83"]
1. e4 c5 2. Nf3 d6 3. d4 cxd4 4. Nxd4 Nf6 5. Nc3 Nc6 6. Bg5 e6 7. Qd2 Be7 8. O-O-O O-O 9. f4 h6 10. Bh4 Bd7 11. Nf3 Qa5 12. e5 dxe5 13. Qe1 e4 14. Bxf6 Bxf6 15. Nxe4 Qxe1 16. Nxf6+ gxf6 17. Nxe1 Rfd8 18. Bb5 a6 19. Be2 Ne7 20. Bf3 Bc6 21. Rxd8+ Rxd8 22. Bxc6 Nxc6 23. Nd3 b6 24. Re1 Kf8 25. Re3 Ke7 26. c3 Re8 27. Re2 f5 28. b4 Rc8 29. Kb2 Nd8 30. Kb3 Nb7 31. c4 Nd6 32. Rc2 Ne4 33. c5 bxc5 34. Nxc5 Nxc5+ 35. bxc5 Rb8+ 36. Kc4 Kd7 37. Rd2+ Kc7 38. g3 Rd8 39. Rb2 Rb8 40. Rd2 Rd8 41. Rb2 Rb8 42. Rd2 1/2-1/2

[Event "17th Rubinstein Memorial"]
[Site "Polanica Zdroj POL"]
[Date "1979.08.15"]
[Round "9"]
[White "Schinzel, Wladyslaw"]
[Black "Farago, Ivan"]
[WhiteElo "2400"]
[BlackElo "2510"]
[Result "1-0"]
[EventDate "1979.08.06"]
[PlyCount "79"]
1. c4 Nf6 2. Nf3 c6 3. d4 d5 4. Nc3 e6 5. Bg5 Nbd7 6. e3 Qa5 7. Nd2 Bb4 8. Qc2 dxc4 9. Bxf6 Nxf6 10. Nxc4 Qd5 11. a3 Bxc3+ 12. Qxc3 O-O 13. Ne5 Bd7 14. f3 Rfd8 15. Rd1 Be8 16. Be2 b6 17. Kf2 Rdc8 18. e4 Qd6 19. b4 Rc7 20. g3 Rd8 21. Rd3 Qe7 22. Rc1 Rdc8 23. Nc4 Kf8 24. Qd2 Rd8 25. Ne5 h6 26. Qe3 Qd6 27. Kg2 Rdc8 28. f4 Qe7 29. Rdc3 Qd6 30. h3 Rd8 31. Nf3 Nd7 32. e5 Qe7 33. f5 Kg8 34. f6 gxf6 35. Qxh6 fxe5 36. dxe5 f6 37. Rc4 f5 38. Rh4 Nf8 39. Qh8+ Kf7 40. Rh6 1-0

[Event "17th Rubinstein Memorial"]
[Site "Polanica Zdroj POL"]
[Date "1979.08.15"]
[Round "9"]
[White "Spiridonov, Nikola"]
[Black "Kruszynski, Wlodzimierz"]
[WhiteElo "2440"]
[BlackElo "2285"]
[Result "1-0"]
[EventDate "1979.08.06"]
[PlyCount "83"]
1. d4 Nf6 2. c4 e6 3. Nf3 b6 4. Nc3 Bb7 5. Bf4 Be7 6. e3 Nh5 7. Bg3 d6 8. Bd3 Nd7 9. Be4 Bxe4 10. Nxe4 Nxg3 11. hxg3 f5 12. Nc3 O-O 13. Qc2 g6 14. e4 Bf6 15. exf5 exf5 16. O-O Bg7 17. Nd5 Rf7 18. Rfe1 c6 19. Nf4 Nf8 20. d5 cxd5 21. Nxd5 Nd7 22. Rad1 Nc5 23. Nd4 Qd7 24. b4 Ne4 25. g4 Raf8 26. gxf5 gxf5 27. f3 Ng5 28. f4 Bxd4+ 29. Rxd4 Ne4 30. Ne3 a5 31. a3 axb4 32. axb4 Ng3 33. Qd3 Qe7 34. Rxd6 Qh4 35. Nd5 Ne4 36. Rxe4 fxe4 37. Qxe4 Ra7 38. Qe5 Ra2 39. Ne7+ Kf7 40. Qe6+ Kg7 41. Nf5+ Rxf5 42. Rd7+ 1-0

[Event "17th Rubinstein Memorial"]
[Site "Polanica Zdroj POL"]
[Date "1979.08.16"]
[Round "10"]
[White "Farago, Ivan"]
[Black "Pokojowczyk, Jerzy"]
[WhiteElo "2510"]
[BlackElo "2365"]
[Result "1-0"]
[EventDate "1979.08.06"]
[PlyCount "44"]
1. d4 Nf6 2. c4 g6 3. Nc3 Bg7 4. e4 d6 5. Be2 O-O 6. Bg5 c5 7. d5 h6 8. Bf4 e6 9. dxe6 Bxe6 10. Bxd6 Re8 11. Nf3 Nc6 12. O-O Qa5 13. Nd2 Red8 14. Bf4 g5 15. Be3 Ne5 16. f3 Nd3 17. Nb3 Qc7 18. Bxd3 Bxc4 19. Bxc4 Rxd1 20. Raxd1 b6 21. Nc1 a6 22. a4 Re8 1-0

[Event "17th Rubinstein Memorial"]
[Site "Polanica Zdroj POL"]
[Date "1979.08.16"]
[Round "10"]
[White "Knaak, Rainer"]
[Black "Bielczyk, Jacek"]
[WhiteElo "2565"]
[BlackElo "2410"]
[Result "1/2-1/2"]
[EventDate "1979.08.06"]
[PlyCount "82"]
1. d4 Nf6 2. c4 c5 3. d5 b5 4. Nd2 bxc4 5. e4 d6 6. Bxc4 g6 7. Ngf3 Bg7 8. O-O O-O 9. Qe2 Nbd7 10. h3 Rb8 11. a4 Ne8 12. a5 Nc7 13. Nb1 Ne5 14. Nxe5 Bxe5 15. Nc3 Rb4 16. Rd1 Bd7 17. Bh6 Re8 18. Rac1 Qb8 19. b3 Nb5 20. Na2 Nd4 21. Rxd4 Bxd4 22. Nxb4 Qxb4 23. Bd2 Qb7 24. Qd3 Bf6 25. Ba6 Qb8 26. Qc4 e6 27. b4 exd5 28. exd5 Bd4 29. Re1 Rxe1+ 30. Bxe1 Qe8 31. Kf1 Qe4 32. bxc5 dxc5 33. Qb3 Bf5 34. Qb8+ Kg7 35. d6 Be5 36. Qxa7 Bxd6 37. Bc3+ Kh6 38. Qxf7 Qb1+ 39. Ke2 Qe4+ 40. Kf1 Qb1+ 41. Ke2 Qe4+ 1/2-1/2

[Event "17th Rubinstein Memorial"]
[Site "Polanica Zdroj POL"]
[Date "1979.08.16"]
[Round "10"]
[White "Planinc, Albin"]
[Black "Adamski, Jan"]
[WhiteElo "2445"]
[BlackElo "2415"]
[Result "1/2-1/2"]
[EventDate "1979.08.06"]
[PlyCount "68"]
1. e4 c5 2. Nf3 d6 3. d4 cxd4 4. Nxd4 Nf6 5. Nc3 e6 6. Be2 Be7 7. f4 O-O 8. O-O a6 9. Be3 Qc7 10. Qe1 b5 11. Bf3 Bb7 12. e5 dxe5 13. fxe5 Nfd7 14. Qg3 Bc5 15. Ne4 Bxd4 16. Bxd4 Nc6 17. c3 Nxd4 18. cxd4 Bxe4 19. Bxe4 Rac8 20. Qh3 h6 21. Rad1 Qb6 22. Kh1 Rc4 23. Qd3 Rd8 24. Qf3 f5 25. exf6 Nxf6 26. Bg6 Rcxd4 27. Rde1 Rg4 28. Bf7+ Kh8 29. Bxe6 Rgd4 30. Bf5 Rd2 31. Qg3 Qd6 32. Qg6 Rd1 33. Bc2 Rxe1 34. Rxe1 Qd2 1/2-1/2

[Event "17th Rubinstein Memorial"]
[Site "Polanica Zdroj POL"]
[Date "1979.08.17"]
[Round "11"]
[White "Adamski, Jan"]
[Black "Spasov, Luben"]
[WhiteElo "2415"]
[BlackElo "2470"]
[Result "1/2-1/2"]
[EventDate "1979.08.06"]
[PlyCount "29"]
1. c4 Nf6 2. Nf3 c5 3. Nc3 e6 4. g3 b6 5. Bg2 Bb7 6. O-O a6 7. b3 Be7 8. d4 cxd4 9. Qxd4 d6 10. Rd1 Nbd7 11. Ba3 Nc5 12. b4 Nce4 13. Nxe4 Bxe4 14. Qe3 Qc7 15. Rac1 1/2-1/2

[Event "17th Rubinstein Memorial"]
[Site "Polanica Zdroj POL"]
[Date "1979.08.17"]
[Round "11"]
[White "Bielczyk, Jacek"]
[Black "Jansa, Vlastimil"]
[WhiteElo "2410"]
[BlackElo "2495"]
[Result "1/2-1/2"]
[EventDate "1979.08.06"]
[PlyCount "25"]
1. e4 c5 2. Nf3 e6 3. d4 cxd4 4. Nxd4 Nf6 5. Nc3 d6 6. g3 Nc6 7. Bg2 Bd7 8. O-O Be7 9. a4 O-O 10. h3 a6 11. Be3 Qc7 12. Qe2 Rac8 13. Rfd1 1/2-1/2

[Event "17th Rubinstein Memorial"]
[Site "Polanica Zdroj POL"]
[Date "1979.08.17"]
[Round "11"]
[White "Filip, Miroslav"]
[Black "Knaak, Rainer"]
[WhiteElo "2475"]
[BlackElo "2565"]
[Result "1/2-1/2"]
[EventDate "1979.08.06"]
[PlyCount "41"]
1. d4 Nf6 2. c4 d6 3. Nc3 Nbd7 4. Nf3 g6 5. g3 Bg7 6. Bg2 O-O 7. O-O e5 8. e4 a6 9. Rb1 exd4 10. Nxd4 Ne5 11. b3 Ne8 12. f4 c5 13. Nde2 Nc6 14. Be3 Nc7 15. h3 Ne6 16. Nd5 Ned4 17. b4 b6 18. Nec3 Be6 19. a3 Ra7 20. g4 Re8 21. Qd2 1/2-1/2

[Event "17th Rubinstein Memorial"]
[Site "Polanica Zdroj POL"]
[Date "1979.08.17"]
[Round "11"]
[White "Schinzel, Wladyslaw"]
[Black "Borkowski, Franciszek"]
[WhiteElo "2400"]
[BlackElo "2395"]
[Result "0-1"]
[EventDate "1979.08.06"]
[PlyCount "66"]
1. c4 g6 2. d4 Bg7 3. g3 Nf6 4. Bg2 O-O 5. Nc3 d6 6. Nf3 Nbd7 7. O-O e5 8. b3 Re8 9. Qc2 c6 10. e3 Nf8 11. Ba3 Bf5 12. e4 Nxe4 13. Nxe4 d5 14. Nxe5 dxe4 15. g4 Qxd4 16. Nxc6 bxc6 17. gxf5 gxf5 18. Rad1 Qe5 19. Bd6 Qe6 20. c5 Ng6 21. f4 Nh4 22. Rf2 Kh8 23. Bc7 Qg6 24. Kh1 Re6 25. Bd8 Bf6 26. Ba5 Rg8 27. Bc3 Qg7 28. Bxf6 Rxf6 29. Qb2 Rg6 30. Qxg7+ R6xg7 31. Bh3 e3 32. Re2 Nf3 33. Bg2 Rxg2 0-1

[Event "17th Rubinstein Memorial"]
[Site "Polanica Zdroj POL"]
[Date "1979.08.18"]
[Round "12"]
[White "Borkowski, Franciszek"]
[Black "Pokojowczyk, Jerzy"]
[WhiteElo "2395"]
[BlackElo "2365"]
[Result "0-1"]
[EventDate "1979.08.06"]
[PlyCount "120"]
1. e4 c5 2. Nf3 Nc6 3. d4 cxd4 4. Nxd4 g6 5. Nc3 Bg7 6. Be3 Nf6 7. Bc4 O-O 8. Bb3 a5 9. a4 Ng4 10. Qxg4 Nxd4 11. Qh4 Nxb3 12. cxb3 Ra6 13. O-O d6 14. Nd5 Re8 15. b4 axb4 16. a5 Rc6 17. Nxb4 Rc4 18. Nd5 Be6 19. Bb6 Qd7 20. Ne3 Bxb2 21. Nxc4 Bxc4 22. Rfd1 Bxa1 23. Rxa1 Rc8 24. Qf4 f6 25. h4 Be6 26. Ra3 Qb5 27. Ra1 Rc4 28. Re1 Qb4 29. Qe3 Rc3 30. Qd4 Qa3 31. Qd2 Rc8 32. Qe3 Qb4 33. Rd1 Qb5 34. Re1 Qh5 35. Qf4 Rc4 36. Bd8 Kf7 37. Bb6 h6 38. f3 g5 39. hxg5 hxg5 40. Qh2 Qg6 41. Re2 g4 42. Kf2 Bd7 43. Be3 Ra4 44. Bb6 Ra1 45. Rb2 g3+ 46. Qxg3 Rf1+ 47. Kxf1 Qxg3 48. Bf2 Qe5 49. Rxb7 Qxa5 50. Kg1 Bc6 51. Ra7 Qb5 52. Ra1 f5 53. exf5 Qxf5 54. Re1 e5 55. Rc1 Bd7 56. Rc7 Ke6 57. Ra7 Qd3 58. Kh2 Bc6 59. Rg7 Qd2 60. Kg1 Qc1+ 0-1

[Event "17th Rubinstein Memorial"]
[Site "Polanica Zdroj POL"]
[Date "1979.08.18"]
[Round "12"]
[White "Farago, Ivan"]
[Black "Adamski, Jan"]
[WhiteElo "2510"]
[BlackElo "2415"]
[Result "1/2-1/2"]
[EventDate "1979.08.06"]
[PlyCount "41"]
1. d4 Nf6 2. c4 e6 3. Nc3 Bb4 4. e3 c5 5. Bd3 b6 6. Nf3 Bb7 7. O-O O-O 8. Na4 cxd4 9. a3 Be7 10. exd4 d6 11. Re1 Nbd7 12. Nc3 d5 13. b3 Rc8 14. Bb2 Re8 15. Ne5 a6 16. cxd5 exd5 17. Qf3 Bd6 18. Nxd7 Rxe1+ 19. Rxe1 Qxd7 20. g3 Re8 21. Rxe8+ 1/2-1/2

[Event "17th Rubinstein Memorial"]
[Site "Polanica Zdroj POL"]
[Date "1979.08.18"]
[Round "12"]
[White "Jansa, Vlastimil"]
[Black "Planinc, Albin"]
[WhiteElo "2495"]
[BlackElo "2445"]
[Result "1-0"]
[EventDate "1979.08.06"]
[PlyCount "73"]
1. e4 e5 2. Nf3 d6 3. d4 Nf6 4. Nc3 Nbd7 5. Bc4 Be7 6. O-O O-O 7. a4 c6 8. a5 Rb8 9. Qe2 b5 10. axb6 axb6 11. d5 Bb7 12. Nd2 Ra8 13. Rxa8 Qxa8 14. dxc6 Bxc6 15. Rd1 Nc5 16. f3 Rd8 17. Nf1 Ne6 18. Ne3 b5 19. Nxb5 Bxb5 20. Bxb5 Nd4 21. Qf1 d5 22. exd5 Nxd5 23. Nxd5 Qxd5 24. Bd3 Nf5 25. g4 Nd4 26. Kg2 Bd6 27. Be4 Qa5 28. c3 Ne6 29. Be3 Nf4+ 30. Bxf4 exf4 31. Qc4 Qb6 32. Rd2 h5 33. g5 Qe3 34. Re2 Qc1 35. g6 Rf8 36. gxf7+ Kh8 37. Qd5 1-0

[Event "17th Rubinstein Memorial"]
[Site "Polanica Zdroj POL"]
[Date "1979.08.18"]
[Round "12"]
[White "Knaak, Rainer"]
[Black "Spiridonov, Nikola"]
[WhiteElo "2565"]
[BlackElo "2440"]
[Result "1-0"]
[EventDate "1979.08.06"]
[PlyCount "67"]
1. d4 Nf6 2. c4 e6 3. Nc3 Bb4 4. e3 c5 5. Bd3 Nc6 6. Nf3 Bxc3+ 7. bxc3 d6 8. Nd2 e5 9. Qe2 O-O 10. d5 Ne7 11. e4 Qa5 12. Nb3 Qxc3+ 13. Bd2 Qb2 14. O-O Ng6 15. g3 Qa3 16. f4 Re8 17. f5 Nf8 18. g4 N6d7 19. g5 f6 20. Qh5 Re7 21. Kh1 b6 22. Rf3 Ba6 23. Rg3 Qa4 24. Rag1 Bxc4 25. Bb1 Bxd5 26. exd5 Qc4 27. Rg4 e4 28. Qh4 Qxd5 29. gxf6 Nxf6 30. Qxf6 Ng6 31. Rxg6 e3+ 32. R6g2 Qxg2+ 33. Rxg2 exd2 34. Qxd6 1-0

[Event "17th Rubinstein Memorial"]
[Site "Polanica Zdroj POL"]
[Date "1979.08.18"]
[Round "12"]
[White "Spasov, Luben"]
[Black "Timoshenko, Gennady"]
[WhiteElo "2470"]
[BlackElo "2515"]
[Result "1/2-1/2"]
[EventDate "1979.08.06"]
[PlyCount "28"]
1. d4 Nf6 2. c4 e6 3. Nf3 d5 4. Nc3 Be7 5. Bg5 h6 6. Bh4 O-O 7. e3 Ne4 8. Bxe7 Qxe7 9. Qc2 Nxc3 10. bxc3 c5 11. cxd5 exd5 12. Be2 Nc6 13. O-O Be6 14. a4 Rac8 1/2-1/2

[Event "17th Rubinstein Memorial"]
[Site "Polanica Zdroj POL"]
[Date "1979.08.19"]
[Round "13"]
[White "Adamski, Jan"]
[Black "Kruszynski, Wlodzimierz"]
[WhiteElo "2415"]
[BlackElo "2285"]
[Result "1/2-1/2"]
[EventDate "1979.08.06"]
[PlyCount "78"]
1. c4 Nf6 2. Nf3 b6 3. d4 e6 4. g3 Bb7 5. Bg2 Be7 6. O-O O-O 7. Nc3 Ne4 8. Bd2 Bf6 9. Re1 d5 10. cxd5 exd5 11. Rc1 Nd7 12. Qc2 Re8 13. Bf4 Nxc3 14. bxc3 c5 15. dxc5 Nxc5 16. Nd4 Qd7 17. Red1 Ba6 18. Nb3 Rxe2 19. Nxc5 bxc5 20. Qb3 c4 21. Qb4 Bb7 22. Qc5 Qc6 23. Qxc6 Bxc6 24. Bxd5 Bxd5 25. Rxd5 Rxa2 26. Rc5 a5 27. Rxc4 a4 28. Rb1 a3 29. Ra4 Rc8 30. Bc1 Be7 31. c4 h6 32. Be3 Rc2 33. c5 Bxc5 34. Bxc5 R8xc5 35. Rxa3 Rc1+ 36. Rxc1 Rxc1+ 37. Kg2 Kh7 38. Ra7 Kg6 39. h4 h5 1/2-1/2

[Event "17th Rubinstein Memorial"]
[Site "Polanica Zdroj POL"]
[Date "1979.08.19"]
[Round "13"]
[White "Filip, Miroslav"]
[Black "Jansa, Vlastimil"]
[WhiteElo "2475"]
[BlackElo "2495"]
[Result "1/2-1/2"]
[EventDate "1979.08.06"]
[PlyCount "30"]
1. c4 g6 2. d4 Nf6 3. g3 Bg7 4. Bg2 O-O 5. Nf3 c6 6. O-O d5 7. Nbd2 Bf5 8. b3 Ne4 9. Bb2 Nd7 10. cxd5 cxd5 11. Nxe4 Bxe4 12. Qd2 Bf6 13. Rfc1 Qb6 14. e3 Rfc8 15. Ba3 e6 1/2-1/2

[Event "17th Rubinstein Memorial"]
[Site "Polanica Zdroj POL"]
[Date "1979.08.19"]
[Round "13"]
[White "Planinc, Albin"]
[Black "Spasov, Luben"]
[WhiteElo "2445"]
[BlackElo "2470"]
[Result "1-0"]
[EventDate "1979.08.06"]
[PlyCount "41"]
1. e4 c5 2. Nf3 d6 3. d4 cxd4 4. Nxd4 Nf6 5. Nc3 Nc6 6. Bg5 e6 7. Qd2 a6 8. O-O-O Bd7 9. f4 Be7 10. Nf3 b5 11. e5 b4 12. exf6 bxc3 13. Qxc3 gxf6 14. Bh4 d5 15. Kb1 Na5 16. f5 Rc8 17. Qd2 O-O 18. Qh6 Nc4 19. Bd3 e5 20. Ng5 Na3+ 21. Ka1 1-0